| 000 | 00444nab a2200145Ia 4500 | ||
|---|---|---|---|
| 003 | ES-SlBCS | ||
| 005 | 20210601130450.0 | ||
| 008 | 140529s1964 xxu||||| |||| 00| 0 fre d | ||
| 041 | _afre | ||
| 100 | 1 |
_aPucelle, Jean _9164707 |
|
| 245 | 0 | 0 |
_aAréthuse ou la source des jours. L'instant et la durée _c Jean Pucelle |
| 650 | 0 | 4 |
_aTiempo _990216 |
| 773 | 0 |
_tGiornali di Metafisica _gvol. 19, nº. 3, 1964, págs. 254-279 _w0017-0372 |
|
| 942 | _cAR | ||
| 999 |
_c547131 _d547131 |
||